Formel 1 Podium 1957 - Statistiken

Allgemein
  • Dieses Quiz wurde 42 mal gespielt
  • Das Durchschnittsergebnis liegt bei 8 aus 15
Antwortstatistiken
Antwort % Korrekt
Juan Manuel Fangio
100%
Brooks / Moss
91%
Stirling Moss
91%
Mike Hawthorn
82%
Tony Brooks
68%
Luigi Musso
55%
Peter Collins
55%
Wolfgang von Trips
45%
Jean Behra
36%
Sam Hanks
36%
Jim Rathmann
32%
Masten Gregory
18%
Carlos Menditeguy
14%
Harry Schell
14%
Jimmy Bryan
14%
Keine übereinstimmenden Quizze gefunden
Verteilung der Resultate
Anzahl Personen mit jedem Resultat
Perzentil nach korrekt beantworteten Fragen
Ihre Resultats-Entwicklung
Sie haben dieses Quiz noch nicht gespielt